000 00427 a2200181 4500
260 _aParis
260 _bFrison-Roche
250 _a2ème éd.
245 _aRééducation raisonnée de l'épaule opérée et non opérée
650 _aKINESITHERAPIE
100 _aForthomme, B.
260 _c2004
300 _a190 p.
035 _a9441
999 _c18610
_d18610